00000000cas 2200000zi 4500
0019.910296
003CaOODSP
00520260618133216
006m     o  d f      
007cr cn ||||||||
008220314d20212021nucar p o    f0###a0iku|d
022 |a2816-3931
040 |aCaOODSP|beng|erda|cCaOODSP
043 |an-cn---|ar------|at------
0861 |aR101-6Iku-PDF
222 0|aUkiuqtaqtumi qaujimaniq
24500|aUkiuqtaqtumi qaujimaniq : |bakhaliat unikkaanga.
24613|a[Aqhaliat report]
24630|aAkhaliat unikkaanga
264 1|a[Cambridge Bay, Nunavut, Canada] : |bPolar Knowledge Canada = Savoir polaire Canada, |c[2021]
310 |aAnnual
336 |atext|btxt|2rdacontent
337 |acomputer|bc|2rdamedia
338 |aonline resource|bcr|2rdacarrier
3621 |aBegan and ceased with: [2021].
500 |aIssued also in English under title: Polar knowledge : aqhaliat report.
546 |aText in Inuktitut.
588 |aDescription based on: [2021].
588 |aLatest issue consulted: [2021].
650 0|aPolar regions|xResearch|zCanada|vPeriodicals.
655 7|aPeriodicals|2lcgft
7102 |aPolar Knowledge Canada, |eissuing body.
77508|tPolar knowledge : |w(CaOODSP)9.882028
77508|tUkiuqtaqtumi qauyihimanuarviat : |w(CaOODSP)9.910301
788 |tUkiuqtaqtumi qaujimaniq : |efre|w(CaOODSP)9.910298